00325nam a2200121Ia 4500008004100000041000800041082001600049100001900065245004500084260003300129300003000162365001100192240624s9999 xx 000 0 und d aeng a658.452 KUM aKUMAR V V RAVI aEFFECTIVE PRESENTATION SKILLS THE KEY TO c2006aHyderabadbICFAI press axi, : 203 : p. : cm. ; 23 cRSb50